000 00513cam a2200205ua 4500
020 _a80 7635 223 3
_c450.00
041 _aeng
_h
082 _a005.133
_bMCC/JA
100 _aMcCarty, Bill.
245 _aJAVA distributed objects /
_cMcCarty Bill.
_hTextual Documents
250 _a1 /
_b.
260 _aNew Delhi :
_bTechmedia ,
_c1999.
300 _a936 ; .
365 _a450.00
500 _a20472 Scheme
504 _a
700 1 _aLuke, Cassady-Darion.
942 _cBK
999 _c2973
_d2973